00437nam a22001337a 4500041001200000082001700012100002200029245006300051260004300114300000800157942000700165952011400172999001700286 aEnglish a954.9266 MCC aMcCahill, Fr. Bob aI am Indeed Their Brother: Loving and Serving Allah's Poor aGujaratbGujarat Sahitya Prakashc2018 a158 cBK 00104070aHMIbHMIcGENd2018-04-30eDirectorg200.00l0o954.9266 MCCp11-3628r2018-04-30w2018-04-30yBK c20960d20960